[Event "21st Hogeschool Zeeland 2017"]
[Site "Vlissingen"]
[Date "2017.08.06"]
[Round "2"]
[White "Sparenberg, Erik"]
[Black "Ernst, Sipke"]
[Result "1/2-1/2"]
[WhiteElo "2158"]
[BlackElo "2553"]
[Annotator "TA"]
[PlyCount "127"]
[EventDate "2017.??.??"]
[SourceTitle "playchess.com"]
[Source "ChessBase"]
[SourceQuality "1"]

{[%evp 13,127,13,20,16,14,16,14,14,20,0,0,0,27,32,40,4,13,-18,-20,-27,12,11,46,21,54,52,58,58,38,40,68,57,90,43,65,22,50,26,26,13,29,22,29,31,31,4,20,0,0,0,15,9,9,0,24,0,0,-6,15,0,0,0,8,4,7,20,5,10,15,0,125,54,117,99,114,104,97,104,310,310,310,309,299,286,325,318,272,272,523,492,468,438,879,868,827,777,690,33,33,33,33,33,33,33,33,33,33,33,33,0,33,33,33,33,33,58]} 1. e4 e6 2. d4 d5 3. exd5 exd5 4. Nf3 Nc6 5. Bf4 Bd6 6. Bxd6 {C01: French: Exchange Variation} Qxd6 7. c3 Bg4 {LiveBook: 3 Games} 8. Be2 {The position is equal.} Nge7 9. Nbd2 {[%cal Bb1d2,Bd2b3,Bb3c5,Bc5d3][%mdl 32]} Ng6 10. O-O $146 ({Find the theoretical novelty and annotate with similar games:} 10. g3 O-O-O 11. O-O {½-½ (11) Fedorov,A (2595)-Aleksandrov,A (2615) Kishinev 1998}) 10... O-O-O 11. Ng5 Bxe2 12. Qxe2 Qf4 13. Nh3 Qf5 14. Nb3 Rhe8 15. Qd1 Nh4 {Strongly threatening ...Rd6.} 16. Nc5 Rd6 {And now ...Rg6 would win.} 17. Qd3 $1 Qg6 (17... Nd8 {feels hotter.} 18. Qxf5+ Nxf5 19. Rfe1 Rxe1+ 20. Rxe1 b6) 18. Qxg6 hxg6 19. Rfe1 Rg8 20. Re2 b6 21. Nd3 f6 22. Rae1 a5 23. f3 g5 24. Nhf2 Nf5 25. Ng4 a4 26. a3 Kb7 27. Ne3 Nxe3 28. Rxe3 Ka6 29. Kf2 Kb5 30. Ke2 Rh8 31. h3 Rf8 32. Kd2 Rd7 33. Kc2 Rff7 34. Nb4 Na5 35. Re8 Nc4 36. Nd3 Nd6 37. R8e6 Nf5 38. f4 gxf4 39. Nxf4 g5 40. Nh5 $36 {[%mdl 2048] Black is under pressure.} Rd6 41. g4 Ng7 (41... Rxe6 $11 42. Rxe6 Nd6) 42. Rxd6 $16 cxd6 43. Nxg7 $1 Rxg7 {[%mdl 4096] Endgame KR-KR} 44. Re6 Rh7 45. Rxf6 Kc6 $2 (45... Rxh3 $16 46. Rxd6 Kc4) 46. Rg6 $18 Rxh3 47. Rxg5 Rh1 48. Rg7 Rg1 49. g5 {[%cal Bg4g5,Bg5g6][%mdl 32]} Rg2+ {[#]} 50. Kb1 $1 Rg1+ $2 {[#]} (50... Kb5 51. g6 Kc4) 51. Ka2 $1 Kb5 52. g6 Ka6 (52... Kc4 $142 53. Rc7+ Kb5) 53. Rg8 Ka7 54. g7 Kb7 55. Rd8 $2 ({White has to play} 55. b4 $18 Rg5 56. Kb2) 55... Rxg7 $14 56. Rxd6 Rg5 $1 57. Re6 Rg2 58. Kb1 Kc7 59. Kc1 Rh2 60. Re1 Kc6 61. Re6+ Kc7 62. Re8 {White is slightly better.} Kc6 63. Rc8+ Kb5 64. Rc7 {Precision: White = 53%, Black = 46%.} (64. Rd8 $5 {[%cal Rd8d5]}) 1/2-1/2

[Event "21st Hogeschool Zeeland 2017"]
[Site "Vlissingen"]
[Date "2017.08.06"]
[Round "2"]
[White "Guelsen, Taylan"]
[Black "Hausrath, Daniel"]
[Result "0-1"]
[WhiteElo "2156"]
[BlackElo "2491"]
[Annotator "TA"]
[PlyCount "85"]
[EventDate "2017.??.??"]
[SourceTitle "playchess.com"]
[Source "ChessBase"]
[SourceQuality "1"]

{[%evp 9,85,28,63,54,54,44,54,51,41,10,43,26,46,31,66,22,6,-117,-108,-111,-116,-273,-255,-277,-211,-219,-214,-196,-124,-120,-135,-127,-125,-122,-148,-131,-95,-94,-31,-27,-39,-38,-76,-114,-34,-162,-159,-292,-268,-285,-283,-503,-506,-565,-565,-606,-597,-604,-607,-565,-540,-655,-641,-641,-641,-753,-751,-1189,-1166,-1081,-909,-883,-867,-850,-816,-1132,-1110,-29983]} 1. d4 d6 2. e4 g6 3. Nc3 Bg7 4. Nf3 a6 5. Bf4 (5. Be2 Nf6 6. O-O O-O 7. Re1 Nc6 8. d5 Na7 9. h3 b5 10. Bf1 Bb7 11. a4 b4 12. Na2 a5 13. c4 e6 14. Bg5 h6 15. Be3 Re8 {0-1 (39) Solak,D (2635)-Carlsen,M (2857) Baku 2016}) 5... e6 6. Qd2 {B06: Modern Defence} h6 7. h4 Nd7 8. O-O-O {White is slightly better.} b5 9. e5 $146 ({Predecessor:} 9. Re1 Bb7 10. a4 Ne7 11. axb5 axb5 12. Bxb5 {½-½ (18) Kalabic,F (2245)-Bach,M (2263) Germany 2013}) 9... d5 10. Bd3 Bb7 11. Qe3 Nb6 12. Nd2 c5 13. Nxb5 (13. Qg3 $11 {keeps the balance.}) 13... axb5 $17 14. Bxb5+ Nd7 {White must now prevent ...cxd4.} 15. dxc5 $2 (15. Ne4 $17 cxd4 16. Rxd4) 15... Ne7 $1 $19 ({And not} 15... Rxa2 16. c6 $11) 16. Nc4 {aiming for Nd6+.} Bc6 17. Nd6+ Kf8 18. a4 Qc7 (18... Qa5 $19 19. Qd4 Bxb5 20. axb5 f6) 19. b4 $17 Nf5 20. Nxf5 gxf5 21. Bxc6 Qxc6 22. a5 Qc7 23. Rhe1 Qb7 (23... Nb8 $1 $17) 24. c3 $1 $15 Nb8 25. Kc2 Nc6 26. Rb1 {[#]} Ke7 (26... Qb5 $1 $17 27. Rb2 {[#]} d4 $1 {[%mdl 512]}) 27. Red1 (27. b5 $15 Nxa5 28. c6) 27... Qb5 $19 28. Qd3 (28. Kd2 $17) 28... Qa4+ 29. Kd2 {[#] With the idea Ra1.} Nxa5 $1 {[%mdl 512]} 30. bxa5 $2 (30. Ke2 Nc4 31. Kf1) 30... Qxf4+ {Black is clearly winning.} 31. Ke1 Bxe5 32. Rb7+ Kf6 33. a6 Qe4+ 34. Qxe4 fxe4 35. a7 Bxc3+ 36. Ke2 Rhc8 37. Rdb1 {If only White now had time for Rb8....} Rxc5 38. Rd7 Ra5 39. Rbb7 Bd4 40. Rxf7+ Ke5 41. f4+ exf3+ $1 42. gxf3 R8xa7 43. f4+ {Precision: White = 25%, Black = 65%.} 0-1

[Event "21st Hogeschool Zeeland 2017"]
[Site "Vlissingen"]
[Date "2017.08.06"]
[Round "2"]
[White "Stange, Sven"]
[Black "Praggnanandhaa R"]
[Result "0-1"]
[WhiteElo "2140"]
[BlackElo "2487"]
[Annotator "TA"]
[PlyCount "56"]
[EventDate "2017.??.??"]
[SourceTitle "playchess.com"]
[Source "ChessBase"]
[SourceQuality "1"]

{[%evp 11,56,8,17,13,17,8,14,0,17,-48,0,-60,-3,-56,-45,-61,-51,-62,-68,-99,-85,-139,-133,-131,-131,-131,-131,-137,-131,-162,-154,-182,-163,-357,-359,-314,-264,-411,-385,-448,-448,-439,-429,-878,-860,-29989,-29990]} 1. d4 Nf6 2. c4 e6 3. Nc3 Bb4 4. Qc2 O-O 5. Nf3 d5 6. cxd5 exd5 7. Bf4 {E32: Nimzo-Indian: Classical (4 Qc2): 4...0-0} (7. Bg5 h6 8. Bh4 c5 9. dxc5 Nbd7 10. e3 Qa5 11. Bd3 Ne4 12. O-O Bxc3 13. bxc3 Ndxc5 14. Nd4 Nxd3 15. Qxd3 {0-1 (48) So,W (2812)-Carlsen,M (2832) Paris 2017}) 7... c5 8. dxc5 Ne4 9. e3 {The position is equal.} Nd7 10. a3 $146 (10. Be2 $11) ({Predecessor:} 10. Bd3 Ndxc5 11. O-O Nxd3 12. Qxd3 Bxc3 13. bxc3 Bf5 14. Nd4 Bg6 {½-½ (45) Risting,E (2222)-Bellia,F (2433) Stockholm 2016}) 10... Qa5 (10... Bxc3+ $5 11. bxc3 Ndxc5 $11) 11. Bd3 ({White should play} 11. Rc1 $11 Bxc3+ 12. bxc3) 11... Ndxc5 (11... Bxc3+ $15 12. bxc3 Ndxc5) 12. O-O (12. Be5 $11) 12... Bxc3 $15 13. bxc3 Bd7 14. Bxe4 dxe4 15. Nd2 Bb5 {aiming for ...Bd3.} 16. c4 (16. Rfc1 $142) 16... Ba4 $17 17. Qb2 Nd3 18. Qa2 Rfe8 {[%cal Bf8e8,Be8e6,Be6g6][%mdl 32]} 19. Bd6 b6 20. Bb4 Qg5 $36 {[%mdl 2048] White is under strong pressure.} ({Worse is} 20... Nxb4 21. axb4 Qxb4 22. Rfb1 $11) 21. Bc3 Re6 22. Rfb1 $2 (22. f4 exf3 23. Rxf3 Rxe3 24. Ne4 Rxe4 25. Rxd3) 22... Rg6 $19 {[%csl Gg6][%cal Rg5g2] [#]} 23. g3 Qf5 24. Nf1 (24. Rf1 $142) 24... Qf3 {Threatens to win with ...Bd7.} 25. Be1 Bd7 {( -> ...Bh3)} 26. Nd2 Qh5 27. Nxe4 (27. Qc2 $142) 27... Bc6 28. Nd2 {[#]} Qxh2+ $1 {[%mdl 512] Precision: White = 22%, Black = 71%.} 0-1

[Event "21st Hogeschool Zeeland 2017"]
[Site "Vlissingen"]
[Date "2017.08.06"]
[Round "2"]
[White "Van der Elburg, Freddie"]
[Black "Ten Hertog, Hugo"]
[Result "0-1"]
[WhiteElo "2131"]
[BlackElo "2466"]
[Annotator "TA"]
[PlyCount "54"]
[EventDate "2017.??.??"]
[SourceTitle "playchess.com"]
[Source "ChessBase"]
[SourceQuality "1"]

{[%evp 10,54,-17,-20,-10,-14,-6,-27,-20,-46,-29,-74,-66,-62,-62,-54,-19,-14,0,-2,0,0,4,2,76,72,92,-52,-64,-71,-67,-82,-74,-383,-382,-390,-395,-568,-562,-520,-519,-515,-508,-29990,-29991,-29991,-568]} 1. f4 b6 2. Nf3 Bb7 3. e3 Nf6 4. Be2 g6 5. b3 Bg7 6. Bb2 {LiveBook: 9 Games. A02: Bird's Opening} d6 (6... O-O 7. O-O c5 8. c4 Nc6 9. Ne5 d6 10. Nxc6 Bxc6 11. Bf3 Qd7 12. d3 d5 13. Be5 Rad8 14. Nc3 e6 15. e4 dxe4 16. dxe4 {½-½ (61) Bernadskiy,V (2559)-Swayams,M (2484) Sunny Beach 2014}) 7. O-O Nbd7 8. d3 {[#]The position is equal.} e5 $1 {[%mdl 512]} 9. Ne1 $146 (9. fxe5 Ng4) ({Predecessor:} 9. Ng5 O-O 10. Bf3 Bxf3 11. Qxf3 Qe7 12. Nd2 {0-1 (38) Iliesco,J-Villegas,B Mar del Plata 1942}) 9... Qe7 10. Bf3 d5 11. d4 {[%cal Rf4e5]} exf4 12. exf4 O-O-O 13. Nd3 Ne4 14. a4 c5 15. c3 Rhe8 16. a5 Nd6 (16... Qe6 $11 {remains equal.}) 17. axb6 axb6 {[%cal Ba7b6,Bb6c5][%mdl 32]} 18. dxc5 ({White should play} 18. Na3 $16) 18... Nxc5 $15 19. Nxc5 bxc5 20. Kh1 Nf5 {And now ...Ne3 would win.} 21. Bg4 $2 {[%mdl 8192]} (21. Qd3 $17 {is a better chance.}) 21... Kb8 22. Bxf5 gxf5 23. Nd2 (23. Rg1 {was worth a try.} Qe2 24. Nd2) 23... d4 $19 24. cxd4 Bxd4 25. Bxd4 Rxd4 26. Qc1 {[#]} (26. Ra4 $19 Rd3 27. Rg1) 26... Bxg2+ $1 {[%mdl 512]} 27. Kxg2 Qe2+ {Precision: White = 38%, Black = 61%.} (27... Rg8+ $142 28. Kh1 {[#]} Rxd2 $1 {[%mdl 512]} 29. Ra8+ Kxa8 30. Qa1+ Kb7 31. Qe1 Re2 32. Qc3 Qe4+ 33. Qf3 Qxf3+ 34. Rxf3 Re1+ 35. Rf1 Rxf1#) 0-1

[Event "21st Hogeschool Zeeland 2017"]
[Site "Vlissingen"]
[Date "2017.08.06"]
[Round "2"]
[White "Timmermans, Ivo"]
[Black "Admiraal, Miguoel"]
[Result "1/2-1/2"]
[WhiteElo "2115"]
[BlackElo "2447"]
[Annotator "TA"]
[PlyCount "120"]
[EventDate "2017.??.??"]
[SourceTitle "playchess.com"]
[Source "ChessBase"]
[SourceQuality "1"]

{[%evp 15,120,12,27,15,26,22,56,54,55,52,62,13,56,-49,-49,-51,-45,-45,-43,-52,-44,-41,-40,-66,-62,-77,-74,-68,-52,-88,114,115,103,102,138,139,153,129,216,158,163,170,169,163,202,199,174,85,102,100,88,94,91,48,94,0,341,336,437,444,397,389,357,196,331,324,293,304,264,175,165,134,129,120,120,130,180,180,180,33,33,8,8,8,8,0,11,0,0,0,0,0,0,0,0,0,0,0,0,0,0,0,0,0,5,5,5]} 1. c4 e5 2. Nc3 Bb4 3. g3 Bxc3 4. bxc3 d6 5. Bg2 Ne7 6. Nf3 O-O 7. O-O Nbc6 8. d4 f6 {LiveBook: 5 Games. A21: English Opening: 1...e5 2 Nc3} 9. c5 $146 ({Find the theoretical novelty and annotate with similar games:} 9. e4 b6 10. c5 dxc5 11. Qb3+ Kh8 12. dxe5 Nxe5 13. Nxe5 fxe5 14. f4 Nc6 15. f5 Na5 16. Qc2 {1-0 (62) Jones,G (2647)-Kvisvik,B (2304) Helsingor 2015}) 9... Be6 10. e4 Bf7 11. d5 Nb8 12. Ba3 Na6 13. Rb1 {aiming for cxd6.} Rb8 14. Qa4 (14. cxd6 $14 cxd6 15. Qa4) 14... Nxc5 $15 15. Bxc5 dxc5 16. Qxa7 b6 {Strongly threatening ...Ra8.} 17. Qa4 Nc8 18. Nd2 Nd6 19. f4 Qe7 (19... Ra8 $5 {[%cal Ra8a4]} 20. Qb3 Re8 $15) 20. Rf2 f5 21. exf5 Be8 22. Qc2 Rxf5 $2 {[#]} (22... exf4 $17 {keeps the pressure on.} 23. Rxf4 Bd7) 23. Re1 $1 $16 Bg6 24. Qc1 Qf8 {[%cal Re5f4]} 25. Rxe5 Kh8 26. c4 b5 (26... Rf6 $16 27. Be4 Bxe4) 27. Bf1 bxc4 28. Nxc4 Rf6 {intending ...Rb1.} 29. Rb2 Rd8 30. Na5 Nf7 31. Nc6 (31. Re1 $18) 31... Nxe5 32. fxe5 Rxc6 33. dxc6 h6 34. Rd2 Rb8 35. Rd7 ({Better is} 35. Rf2 $16 Qe7 36. Qe3) 35... Be4 $2 {[%mdl 8192]} (35... Rb1 $11 36. Qc4 (36. Qf4 Qxf4 37. gxf4 c4 $15) 36... Kh7) 36. Qf4 $18 Bxc6 37. Qxf8+ Rxf8 38. Rxc7 {[%mdl 4096] Endgame KRB-KRB} Bd5 39. a3 ({Weaker is} 39. Rxc5 Bxa2 40. Bh3 g5 $16) (39. a4 $142) 39... c4 (39... Ra8 {keeps fighting.} 40. Rxc5 Be6) 40. Bxc4 Bxc4 41. Rxc4 {KR-KR} Ra8 42. Rc3 Kg8 43. Re3 Kf7 44. e6+ Ke7 45. Kf2 Ra4 46. h4 g5 {[#]} 47. h5 ({White must play} 47. hxg5 $1 $18 hxg5 48. Ke2) 47... g4 $14 48. Ke2 Ra5 {The position is equal.} 49. Kd2 Rxh5 50. Kc3 Rf5 51. Kb4 (51. a4 $5 {[%cal Rc3c4]}) 51... Rf3 52. Rc3 h5 {Threatens to win with ...Rxc3.} 53. Rc5 Rxg3 {And now ...h4 would win.} 54. Rxh5 Kxe6 55. a4 Rg1 56. Rh6+ Kd5 57. Rg6 g3 58. Kb5 g2 {Hoping for ...Rb1+.} 59. Ka6 Ra1 60. Rxg2 Rxa4+ {Precision: White = 43%, Black = 40%.} 1/2-1/2